| 000 | 00586nam a22002177a 4500 | ||
|---|---|---|---|
| 999 |
_c4856 _d4856 |
||
| 003 | AR-CdUCM | ||
| 008 | 190311b ||||| |||| 00| 0 spa d | ||
| 040 |
_aMUNICIPALIDAD PROVINCIAL DEL CUSCO _cBIBLIOTECA MUNICIPAL DEL CUSCO |
||
| 082 |
_a869.56 / _bM42 |
||
| 100 |
_aMendoza Borda, Gloria _914954 |
||
| 245 | _aWilayar / | ||
| 260 | _c1970. | ||
| 300 |
_a39 hojas ; _c16 cm. |
||
| 500 | _aDonación de la familia Nieto | ||
| 650 |
_aPoesía _9139 |
||
| 650 |
_aPerú _935 |
||
| 650 |
_aPoesía cusqueña _92323 |
||
| 650 |
_aSiglo XX _98 |
||
| 942 |
_2ddc _cLIBROS |
||
| 945 | _araen | ||